Investičná činnosť komerčných poisťovní vo vybraných krajinách EÚ bakalárska práca
Saved in:
| Main Author: | |
|---|---|
| Corporate Author: | |
| Other Authors: | |
| Format: | Book |
| Language: | Slovak |
| Published: |
Košice
2013
|
| Tags: |
No Tags, Be the first to tag this record!
|
MARC
| LEADER | 00000nbm a2200000 4500 | ||
|---|---|---|---|
| 001 | 0172297 | ||
| 005 | 20240827092434.3 | ||
| 041 | 0 | |a slo | |
| 044 | |a SK | ||
| 245 | 1 | 0 | |a Investičná činnosť komerčných poisťovní vo vybraných krajinách EÚ |b bakalárska práca |c Marcela Butalová ; školiteľ: Eva Kafková |
| 264 | 1 | |a Košice |c 2013 | |
| 300 | |a 46 s. | ||
| 100 | 1 | |a Butalová, Marcela | |
| 700 | 1 | |a Kafková, Eva | |
| 710 | 2 | |a Podnikovohospodárska fakulta EU so sídlom v Košiciach. Katedra ekonómie | |